50 Female Pop Singers by Country - Statistics

General Stats
  • This quiz has been taken 129 times
    30 since last reset
  • The average score is 34 of 50
Answer Stats
Picture Hint Answer % Correct
Madonna United States
96%
Céline Dion Canada
93%
Kylie Minogue Australia
89%
Hikaru Utada Japan
89%
BoA South Korea
89%
Rosalía Spain
89%
Charli XCX United Kingdom
89%
Mylène Farmer France
86%
Björk Iceland
86%
Thalía Mexico
86%
Faye Wong China
82%
Shakira Colombia
82%
Netta Israel
82%
Aurora Norway
82%
Robyn Sweden
82%
Denmark
79%
Laura Pausini Italy
79%
Lorde New Zealand
79%
Emilia Argentina
75%
Camila Cabello Cuba
75%
Kim Petras Germany
75%
Tyla South Africa
75%
Anitta Brazil
71%
Jamala Ukraine
71%
Thu Minh Vietnam
71%
Rihanna Barbados
68%
Angèle Belgium
68%
Nyusha Russia
68%
Cami Chile
64%
Amal Maher Egypt
64%
Marina Satti Greece
61%
Lisa Thailand
61%
Amber The Netherlands
61%
Elvana Gjata Albania
57%
Tiara Andini Indonesia
57%
Doda Poland
57%
Inna Romania
57%
Adéla Slovakia
57%
A-Mei Taiwan
57%
Sophia (of Katseye) The Philippines
57%
Rita Ora Kosovo
54%
ILIRA Switzerland
54%
Sezen Aksu Turkey
54%
Nancy Ajram Lebanon
46%
Siti Nurhaliza Malaysia
46%
Manal Morocco
46%
Ayra Starr Nigeria
46%
Natalia Oreiro Uruguay
46%
Daneliya Kazakhstan
39%
Elyanna (PARTIALLY RECOGNIZED COUNTRY) Palestine
39%
No matching quizzes found
Score Distribution
Percent of People with Each Score
Percentile by Number Answered
Your Score History
You have not taken this quiz since the last reset